[Minecraft] - Breeding Trivia - Statistics

General Stats
  • This quiz has been taken 78 times
  • The average score is 6 of 10
Answer Stats
Hint Explanation Answer % Correct
Only hostile breedable mob - Hoglin
86%
An enchanted golden apple can be used to breed this mob Also works with Donkeys Horse
80%
Only mob whose parents have to be another type of mob Horse & Donkey Mule
78%
This mob's baby are the only babies to be treated as an independent mob type Tadpoles Frog
69%
Breeding this mob causes the babies to trust the player. The parents do not trust the player.
- Fox
63%
Only mob to consume another living mob in order to breed Bucket of tropical fish Axolotl
57%
Only mob to go to a very specific location to repopulate Turtles only lay their eggs on a sand block within a 9 block radius of where they first spawned Turtle
51%
Only mob which can repopulate without the need of a partner Eggs (requires player action of course) Chicken
41%
This mob has the most unique items which can be used for breeding Any flower Bee
37%
Only mob to require further standards for breeding 8 Bamboo blocks within a 5 block radius of both Pandas Panda
31%
No matching quizzes found
Score Distribution
Percent of People with Each Score
Percentile by Number Answered
Your Score History
You have not taken this quiz